| 000 | 00593nam a2200169 a 4500 | ||
|---|---|---|---|
| 008 | 120416s1987 ||||||||||||||||| || u | ||
| 020 | _a0070841659 | ||
| 050 | _aQP 519 Plu | ||
| 100 | _aPlummer, David T | ||
| 245 | 1 | 3 | _aAn introduction to practical biochemistry. (3rd ed.) |
| 250 | _a3rd ed. | ||
| 260 |
_aLondon: _bMcGraw-Hill _c1987 |
||
| 300 | _axx, 332p. : ill. | ||
| 350 | _a0.00 | ||
| 650 | _aBIOCHEMISTRY--LABORATORY MANUALS | ||
| 995 |
_D0.00 _FCBU-MAIN LIBRARY (Kitwe) _H1 _I14.95 _UAVAILABLE _ZMain Library Open Access Collection |
||
| 999 |
_c47950 _d47950 |
||